Electronic diesel and gasoline fuel injection technology (Record no. 583314)

000 -LEADER
fixed length control field 00547nam a22001817a 4500
003 - CONTROL NUMBER IDENTIFIER
control field CEME
005 - DATE AND TIME OF LATEST TRANSACTION
control field 20210628210116.0
008 - FIXED-LENGTH DATA ELEMENTS--GENERAL INFORMATION
fixed length control field 210211b xxu||||| |||| 00| 0 eng d
020 ## - INTERNATIONAL STANDARD BOOK NUMBER
International Standard Book Number 0-7680-0251-6
040 ## - CATALOGING SOURCE
Transcribing agency .
082 ## - DEWEY DECIMAL CLASSIFICATION NUMBER
Classification number 629.2-S ELE
100 ## - MAIN ENTRY--PERSONAL NAME
Personal name Sae
9 (RLIN) 10276
245 ## - TITLE STATEMENT
Title Electronic diesel and gasoline fuel injection technology
260 ## - PUBLICATION, DISTRIBUTION, ETC.
Place of publication, distribution, etc. USA
Name of publisher, distributor, etc. SAE
Date of publication, distribution, etc. 1998
300 ## - PHYSICAL DESCRIPTION
Extent 112P
650 ## - SUBJECT ADDED ENTRY--TOPICAL TERM
Topical term or geographic name entry element DIESEL FUEL INJECTION TECHNOLOGY GASOLINE FUEL INJECTION TECHNOLOGY FUEL INJECTION TECHNOLOGIES-DIESEL AND GASOLINE
9 (RLIN) 78154
942 ## - ADDED ENTRY ELEMENTS (KOHA)
Koha item type Book
Source of classification or shelving scheme
Holdings
Withdrawn status Lost status Damaged status Not for loan Permanent Location Current Location Shelving location Date acquired Total Checkouts Full call number Barcode Date last seen Price effective from Koha item type
        College of Electrical & Mechanical Engineering (CEME) College of Electrical & Mechanical Engineering (CEME) General Stacks 06/14/2017   629.2-S ELE CEME-33564 06/28/2021 06/28/2021 Book
© 2023 Central Library, National University of Sciences and Technology. All Rights Reserved.